Taxation of Domestic Shareholders on Undistributed Income of Foreign corporate Affiliates:Objectives, Techniques and Consequenses : (Record no. 622072)

MARC details
000 -LEADER
fixed length control field 00603nam a2200181 a 4500
008 - FIXED-LENGTH DATA ELEMENTS--GENERAL INFORMATION
fixed length control field 260502s1987##################000#0#eng##
020 ## - INTERNATIONAL STANDARD BOOK NUMBER
ISBN 9789065443342
082 04 - DEWEY DECIMAL CLASSIFICATION NUMBER
Classification number 343.067
Item number KLU
100 1# - MAIN ENTRY--AUTHOR NAME
Personal name Staff, International Fiscal Association,
245 10 - TITLE STATEMENT
Title Taxation of Domestic Shareholders on Undistributed Income of Foreign corporate Affiliates:Objectives, Techniques and Consequenses :
260 ## - PUBLICATION, DISTRIBUTION, ETC. (IMPRINT)
Name of publisher Springer,
Year of publication 1987.
650 #0 - SUBJECT ADDED ENTRY--TOPICAL TERM
Topical Term Business & Economics.
942 ## - ADDED ENTRY ELEMENTS (KOHA)
Koha item type English Books
Holdings
Withdrawn status Lost status Damaged status Not for loan Home library Current library Date acquired Full call number Accession Number Price effective from Koha item type
        Anna Centenary Library Anna Centenary Library 02.05.2026 343.067 KLU 138865 02.05.2026 English Books

Find us on the map